Saladas / (Record no. 1013)
[ view plain ]
| 000 -LÍDER | |
|---|---|
| campo de controle de tamanho fixo | 01110nam a22002777a 4500 |
| 003 - IDENTIFICADOR DO NÚMERO DE CONTROLE | |
| campo de controle | OSt |
| 005 - DATA E HORÁRIO DA ÚLTIMA TRANSAÇÃO | |
| campo de controle | 20251126121317.0 |
| 008 - CAMPO DE DADOS FIXOS--INFORMAÇÃO GERAL | |
| campo de controle de tamanho fixo | 251126b |||||||| |||| 00| 0 eng d |
| 020 ## - ISBN - INTERNATIONAL STANDARD BOOK NUMBER | |
| ISBN - International Standard Book Number | 8500003766 |
| 040 ## - FONTE DA CATALOGAÇÃO | |
| Instituição que transcreveu o registro | Nolita |
| 041 ## - CÓDIGO DE IDIOMA | |
| Código do idioma do texto/trilha sonora ou título diferente | Português |
| 100 1# - ENTRADA PRINCIPAL--NOME PESSOAL | |
| Nome pessoal | Willan, Anne |
| 9 (RLIN) | 131 |
| 240 ## - TÍTULO UNIFORME | |
| Título uniforme | [101 essential tips: making salads] |
| 245 ## - TÍTULO | |
| Título | Saladas / |
| Indicação de responsabilidade, etc. | Anne Willan ; tradução Raquel Zampil |
| 260 ## - PUBLICAÇÃO, DISTRIBUIÇÃO, ETC. | |
| Local de publicação, distribuição, etc. | Rio de Janeiro : |
| Nome do editor, distribuidor, etc. | Ediouro, |
| Data da publicação, distribuição, etc. | 1997 |
| 300 ## - DESCRIÇÃO FÍSICA | |
| Extensão | 72 p. : |
| Outros detalhes físicos | il. col. ; |
| Dimensões | 18 cm |
| 490 ## - TÍTULO DA SÉRIE | |
| Título da série | (101 dicas essenciais) |
| 500 ## - NOTA GERAL | |
| Nota geral | Inclui índice.<br/>Tradução de: 101 essential tips: making salads. |
| 520 ## - NOTA DE RESUMO, ETC. | |
| Resumo, etc. | Guia prático sobre a preparação de saladas variadas, com orientações sobre técnicas básicas, seleção de ingredientes, combinações de sabores e sugestões de molhos. Apresenta receitas ilustradas e dicas essenciais para compor saladas simples ou elaboradas no cotidiano. |
| 650 #0 - ASSUNTO--TERMO TÓPICO | |
| Cabeçalho tópico ou nome geográfico | Gastronomia |
| 9 (RLIN) | 7 |
| 650 #0 - ASSUNTO--TERMO TÓPICO | |
| Cabeçalho tópico ou nome geográfico | Alimentos dietéticos |
| 9 (RLIN) | 188 |
| 650 #0 - ASSUNTO--TERMO TÓPICO | |
| Cabeçalho tópico ou nome geográfico | Culinária |
| Subdivisão geral | Saladas |
| 9 (RLIN) | 167 |
| 650 #0 - ASSUNTO--TERMO TÓPICO | |
| Cabeçalho tópico ou nome geográfico | Receitas |
| 9 (RLIN) | 12 |
| 700 1# - ENTRADA ADICIONADA - NOME PESSOAL | |
| Nome pessoal | Zampil, Raquel |
| 9 (RLIN) | 506 |
| Função do autor por extenso | Tradução |
| 942 ## - ELEMENTOS DE ENTRADA ADICIONADOS (KOHA) | |
| Fonte de classificação ou esquema de arquivamento | Classificação decimal de Dewey |
| Tipo de material Koha | Livros |
| Ocultar no OPAC | Não |
| Situação do descarte | Situação das perdas | Fonte de classificação ou esquema de arquivamento | Status danificado | Não pode ser emprestado | Coleção | Biblioteca de origem | Biblioteca atual | Data de aquisição | Total de empréstimos | Número de chamada completo | Código de barras | Data de último acesso | Data do preço efetivo | Tipo de material Koha |
|---|---|---|---|---|---|---|---|---|---|---|---|---|---|---|
| Classificação decimal de Dewey | Não ficção | Nolita Roastery | Nolita Roastery | 11/26/2025 | L1092 | L1092 | 11/26/2025 | 11/26/2025 | Livros |